000 00537nam a2200205Ia 4500
003 GCL
008 140319s9999 xx 000 0 eng d
040 _aGCL /
_cGCL
082 0 4 _aCC
_b932
_bH L
100 1 _aHATEM, ABDEL - KADER
245 1 0 _aLIFE IN ANCIENT EGYPT /
_cHATEM, ABDEL - KADER
260 _a[S.N] :
_bAL AHRAM COMMERCIAL PRESS ،
_c1982
300 _a177 P
650 0 4 _aANCIENT EGYPT
650 0 4 _aEGYPTOLOGY
650 0 4 _aPYRAMIDS
650 0 4 _aANCIENT EGYPTIAN
650 0 4 _aHISTORY, ANCIENT
942 _2ddc
_cBK
999 _c15985
_d15985